000 00485nam a2200169 i 4500
001 51659
003 ES-MaACL
005 20230906162414.0
007 t|
008 030814s1925 xxk ||||1| eng d
100 1 _aDane, Clemence.
_942598
245 1 0 _aNaboth's Vineyard
_b: a stage piece /
_cby Clemence Dane.
250 _a[1st published].
260 _aLondon :
_bWilliam Heinemann,
_c1925 (
_fWoods and sons)
300 _a90 p. ;
_c20 cm.
852 _aES-MaACL
_jC-4817
_bR.24418
999 _c51659
_d51659